Представление документа в формате RUSMARC

ПолеНазваниеЗначение
  Тип записи a
  Библиографический уровень m
001 Контрольный номер 5ab77865a5af4515ad700d1737c10e1f
005 Дата корректировки 20241223123106.3
010 Индекс ISBN __
a ISBN 978-5-9781-1075-3 (в пер.)
d Цена 140-00
9 Тираж 20000 экз.
100 Данные общей обработки __
a Данные общей обработки 19200422d2018||||||| 0rusy0189 ca
101 Язык документа 0_
a Язык текста rus
102 Страна публикации __
a Страна публикации ru|
102 Страна публикации __
a Страна публикации RU
105 Кодированные данные (монография) __
a Кодированные данные (монография) a||||||||||zy
200 Заглавие и сведения об ответственности 1_
a Заглавие Сын полка
e Сведения, относящиеся к заглавию повесть : для детей среднего школьного возраста
f Первые сведения об ответственности Валентин Катаев ; художник Геннадий Соколов
203 Вид содержания и тип средства __
a Вид содержания Текст
c Тип средства непосредственный
210 Выходные данные 1_
a Место издания Москва
c Издательство Самовар-книги
d Дата издания 2018
215 Физическое описание __
a Объем 158, [1] с.
c Иллюстрации/тип воспроизводства цв. ил.
d Формат 22 см
225 Серия 2_
a Серия Школьная библиотека
300 Общие примечания __
a Общие примечания Произведение печатается без сокращений
330 Аннотация __
a Аннотация Широко известная повесть о судьбе крестьянского мальчика Вани Солнцева, осиротевшего в годы Великой Отечественной войны и ставшего сыном полка.
333 Примечание о целевом назначении __
a Примечание о целевом назначении 6+. Для детей старше шести лет
606 Тематические рубрики __
a Основная рубрика Художественная литература
606 Тематические рубрики __
a Основная рубрика Русская литература XX в. (произведения)
610 Ключевые слова 0_
a Ключевые слова Ваня Солнцев
610 Ключевые слова 0_
a Ключевые слова детская литература
610 Ключевые слова 0_
a Ключевые слова литературные герои
610 Ключевые слова 0_
a Ключевые слова литературные персонажи
610 Ключевые слова 0_
a Ключевые слова повести
610 Ключевые слова 0_
a Ключевые слова прозаики
610 Ключевые слова 0_
a Ключевые слова советская литература
610 Ключевые слова 0_
a Ключевые слова тема Великой Отечественной войны
610 Ключевые слова 0_
a Ключевые слова тема ВОВ
610 Ключевые слова 0_
a Ключевые слова тема военного детства
610 Ключевые слова 0_
a Ключевые слова тема войны
610 Ключевые слова 0_
a Ключевые слова тема мальчиков
610 Ключевые слова 0_
a Ключевые слова тема помощи
610 Ключевые слова 0_
a Ключевые слова тема сиротства
686 Индексы других классификаций __
2 Код системы rubbks
a Классификационный индекс ст84(2=411.2)6-4
700 Автор _1
a Фамилия Катаев
b Имя В. П.
f Даты 1897-1986
g Полное личное имя Валентин Петрович
4 Код отношения 070
702 Вторичная интеллектуальная ответственность _1
a Фамилия Соколов
b Имя Г. В.
4 Код отношения Художник
f Даты 1949-
g Полное личное имя Геннадий Валентинович
4 Код отношения 040
801 Источник записи _0
a Страна ru
b Организация Муниципальное бюджетное учреждение культуры "Централизованная библиотечная система" г. Сургут (Центральная городская библиотека им. А. С. Пушкина)
c Дата составления 20200422
g Правила каталогизации PSBO
801 Источник записи _1
a Страна ru
b Организация Муниципальное бюджетное учреждение культуры "Централизованная библиотечная система" г. Сургут (Центральная городская библиотека им. А. С. Пушкина)
c Дата составления 20200422
g Правила каталогизации PSBO
852 Данные о местонахождении __
j Шифр хранения ст84(2=411.2)6-4
i Авторский знак К 29
901 Тип документа __
t Тип документа m
a Ответственный ООФиК/Волкова
903 Характеристики (МАРС) __
a Дата передачи 20200422
911 __
u 336a=Текст
911 __
u 337a=непосредственный
969 Тип издания __
a Тип издания издание для детей
990 Данные о заказе (DOS) __
j Количество экземпляров (DOS) 1
t N записи в КСУ для И/У (DOS) 202004